000 00913nam a22003257a 4500
001 BR0402660
003 BR-BrBNA
005 20230928101626.0
007 ta
008 230509b bl.||||| |||| 00| 0 por d
040 _aBR-BrBNA
_bpor
_cBiblioteca Nacional de Agricultura
041 _a(Por)
072 _aM12; C20
_b8110
090 _ 8110 BR0402660
110 1 _aServiço Nacional de Aprendizagem Rural, Curitiba, PR (Brasil). Administração Regional do Estado do Paraná
245 1 _aTrabalhador na piscicultura: como criar peixes
260 3 _aCuritiba, PR (Brasil):
_c2002.
300 _a50 p.
500 _a46 illus.
650 _aCARPA
650 _aPISCICULTURA
650 _aALEVINO
650 _aCRIAÇÃO
650 _aNUTRIÇÃO ANIMAL
650 _aEXTENSÃO RURAL
650 _aTRABALHADOR RURAL
650 _aCURSO
909 _a202309
_bLucia
_c55
_dLucia Elande
942 _cBK
999 _c66765
_d66765